[Event "DVM U20 2019"]
[Site "Braunschweig"]
[Date "2019.12.29"]
[Round "6"]
[White "Goldbeck, Lars"]
[Black "Hoffmann, Jens"]
[Result "1/2-1/2"]
[WhiteElo "2312"]
[BlackElo "2113"]
[Annotator "NA"]
[PlyCount "133"]
[EventDate "2019.12.27"]
[EventType "team-tourn"]
[EventRounds "7"]
[EventCountry "GER"]
[SourceTitle "playchess.com"]
[Source "ChessBase"]
[SourceQuality "1"]
[WhiteTeam "SC Bavaria Regensburg"]
[BlackTeam "SF HN-Biberach"]
[TimeControl "40/5400+30:1800+30"]

1. Nf3 {[%emt 0:00:00]} Nf6 {[%emt 0:00:00]} 2. c4 {[%emt 0:00:16]} g6 {[%emt 0:03:12]} 3. Nc3 {[%emt 0:00:04]} c5 {[%emt 0:00:11]} 4. g3 {[%emt 0:00:37]} Bg7 {[%emt 0:00:10]} 5. Bg2 {[%emt 0:00:05]} Nc6 {[%emt 0:01:42]} 6. d3 {[%emt 0:00:21]} O-O {[%emt 0:01:14]} 7. Bd2 {[%emt 0:00:06]} d6 {[%emt 0:01:56]} 8. Qc1 {[%emt 0:02:47]} h5 {[%emt 0:09:58]} 9. h3 {[%emt 0:02:33]} Rb8 {[%emt 0:01:29]} 10. O-O {[%emt 0:05:21]} a6 {[%emt 0:00:35]} 11. Ng5 {[%emt 0:03:10]} Bd7 {[%emt 0:02:24]} 12. a4 {[%emt 0:02:41]} Nd4 {[%emt 0:06:45]} 13. Qd1 {[%emt 0:03:06]} Bc6 {[%emt 0:17:30]} 14. Nd5 {[%emt 0:06:30]} b5 {[%emt 0:17:37]} 15. e3 {[%emt 0:00:38]} bxc4 {[%emt 0:01:04]} 16. Ba5 Qxa5 {[%emt 0:17:03]} 17. Nxe7+ {[%emt 0:13:13]} Kh8 {[%emt 0:00:08]} 18. Nxc6 {[%emt 0:22:51]} Nxc6 {[%emt 0:00:06]} 19. Bxc6 {[%emt 0:00:04]} Qc7 {[%emt 0:09:51]} 20. Bg2 {[%emt 0:00:17]} cxd3 {[%emt 0:00:17]} 21. Qxd3 {[%emt 0:00:24]} Rxb2 {[%emt 0:03:14]} 22. Qxa6 {[%emt 0:01:09]} Nh7 {[%emt 0:01:32]} 23. Nxh7 {[%emt 0:01:09]} Kxh7 {[%emt 0:00:01]} 24. Rad1 {[%emt 0:00:41]} Rb6 {[%emt 0:00:47]} 25. Qd3 {[%emt 0:02:07]} c4 {[%emt 0:00:23]} 26. Qd5 {[%emt 0:00:12]} c3 {[%emt 0:00:59]} 27. Be4 {[%emt 0:01:11]} Qc5 {[%emt 0:00:14]} 28. a5 {[%emt 0:03:47]} Ra6 {[%emt 0:00:02]} 29. Qxc5 {[%emt 0:00:48]} dxc5 {[%emt 0:00:02]} 30. Ra1 {[%emt 0:00:44]} Rd8 {[%emt 0:00:42]} 31. Kg2 {[%emt 0:02:25]} Rd7 {[%emt 0:01:01]} 32. Ra4 {[%emt 0:01:24]} Rda7 {[%emt 0:00:54]} 33. Rfa1 {[%emt 0:00:47]} c2 {[%emt 0:00:36]} 34. Rc1 {[%emt 0:00:01]} Bc3 {[%emt 0:01:01]} 35. Rxc2 {[%emt 0:00:14]} Bb4 {[%emt 0:00:08]} 36. Bd5 {[%emt 0:01:15]} Kg7 {[%emt 0:00:15]} 37. Rc4 {[%emt 0:00:37]} Rxa5 38. Rxa5 {[%emt 0:00:01]} Rxa5 {[%emt 0:00:52]} 39. Rf4 {[%emt 0:00:20]} Ra7 {[%emt 0:00:57]} 40. Re4 {[%emt 0:01:07]} Rd7 {[%emt 0:00:38]} 41. Bc4 {[%emt 0:30:12]} Ra7 {[%emt 0:02:31]} 42. Re8 {[%emt 0:00:00]} Rd7 {[%emt 0:06:26]} 43. Rc8 {[%emt 0:00:00]} Be1 {[%emt 0:01:54]} 44. Kf1 {[%emt 0:00:00]} Bb4 {[%emt 0:00:03]} 45. e4 {[%emt 0:00:00]} Re7 {[%emt 0:02:48]} 46. Bd5 {[%emt 0:00:00]} Ra7 {[%emt 0:00:24]} 47. Ke2 {[%emt 0:00:00]} Re7 {[%emt 0:00:30]} 48. Kf3 {[%emt 0:00:00]} Ra7 {[%emt 0:00:23]} 49. Kg2 {[%emt 0:00:00]} Rd7 {[%emt 0:00:56]} 50. Rc6 {[%emt 0:00:00]} Re7 {[%emt 0:01:16]} 51. f4 {[%emt 0:00:00]} Rd7 {[%emt 0:00:03]} 52. Kf3 {[%emt 0:00:00]} Ra7 {[%emt 0:12:59]} 53. Kg2 {[%emt 0:00:00]} Rd7 {[%emt 0:00:17]} 54. Ra6 {[%emt 0:00:00]} Bc3 {[%emt 0:00:24]} 55. Kf3 {[%emt 0:00:00]} Bd4 {[%emt 0:02:16]} 56. h4 {[%emt 0:00:00]} Rc7 {[%emt 0:03:01]} 57. Ra4 {[%emt 0:00:00]} Rd7 {[%emt 0:00:15]} 58. Ra2 {[%emt 0:00:00]} f5 {[%emt 0:02:05]} 59. Ra6 {[%emt 0:00:00]} fxe4+ {[%emt 0:01:35]} 60. Bxe4 {[%emt 0:00:00]} Bf6 {[%emt 0:00:08]} 61. Rc6 {[%emt 0:00:00]} Ra7 {[%emt 0:00:25]} 62. Rxc5 {[%emt 0:00:00]} Ra3+ {[%emt 0:00:01]} 63. Kg2 {[%emt 0:00:00]} Ra2+ {[%emt 0:00:06]} 64. Kh3 {[%emt 0:00:00]} Re2 {[%emt 0:01:35]} 65. Bc2 {[%emt 0:00:00]} Re3 {[%emt 0:00:53]} 66. Rc7+ {[%emt 0:00:00]} Re7 {[%emt 0:00:16]} 67. Rc6 {[%emt 0:00:00] normal} 1/2-1/2

[Event "DVM U20 2019"]
[Site "Braunschweig"]
[Date "2019.12.29"]
[Round "6"]
[White "Poghosyan, Tigran"]
[Black "Meiwes, Thore"]
[Result "1-0"]
[WhiteElo "2302"]
[BlackElo "2106"]
[Annotator "NA RC"]
[PlyCount "43"]
[EventDate "2019.12.27"]
[EventType "team-tourn"]
[EventRounds "7"]
[EventCountry "GER"]
[SourceTitle "playchess.com"]
[Source "ChessBase"]
[SourceQuality "1"]
[WhiteTeam "Lübecker SV"]
[BlackTeam "SK Lehrte 1919"]
[TimeControl "40/5400+30:1800+30"]

1. e4 {[%emt 0:00:00]} c5 {[%emt 0:00:00]} 2. Nf3 {[%emt 0:00:00]} Nc6 {[%emt 0:00:00]} 3. b3 {[%emt 0:02:19]} d6 {[%emt 0:00:10]} 4. Bb2 {[%emt 0:00:20]} e5 {[%emt 0:00:06]} 5. Be2 {[%emt 0:01:33]} Nf6 {[%emt 0:00:15]} 6. d3 {[%emt 0:00:21]} Be7 {[%emt 0:00:11]} 7. O-O {[%emt 0:00:05]} O-O {[%emt 0:00:03]} 8. Nbd2 {[%emt 0:00:23]} b6 {[%emt 0:04:40]} 9. Nc4 {[%emt 0:01:24]} Re8 {[%emt 0:04:32]} 10. Ne3 {[%emt 0:01:13]} Bf8 {[%emt 0:03:47]} 11. c4 {[%emt 0:03:11]} g6 {[%emt 0:02:41]} 12. Nd5 {[%emt 0:00:28]} Bg7 {[%emt 0:01:25]} 13. Nd2 {[%emt 0:00:40]} Nxd5 {[%emt 0:05:15]} 14. cxd5 {[%emt 0:01:27]} Ne7 {[%emt 0:02:34]} 15. a4 {[%emt 0:03:01]} f5 {[%emt 0:00:46]} 16. f4 {[%emt 0:00:38]} exf4 {[%emt 0:05:36]} 17. Bxg7 {[%emt 0:04:50]} Kxg7 {[%emt 0:00:03]} 18. Rxf4 {[%emt 0:00:34]} fxe4 {[%emt 0:04:39]} 19. dxe4 {[%emt 0:00:11]} Ng8 {[%emt 0:02:22]} 20. Qc2 {[%emt 0:01:47]} Qg5 {[%emt 0:06:23]} 21. Raf1 {[%emt 0:02:08] normal} Re7 {[%emt 0:06:55] normal} 22. Nc4 {[%emt 0:01:13] normal} 1-0

[Event "DVM U20 2019"]
[Site "Braunschweig"]
[Date "2019.12.29"]
[Round "6"]
[White "Oberhofer, Cedric"]
[Black "Triantafillidis, Simeon"]
[Result "1/2-1/2"]
[WhiteElo "2260"]
[BlackElo "1931"]
[Annotator "NA"]
[PlyCount "62"]
[EventDate "2019.12.27"]
[EventType "team-tourn"]
[EventRounds "7"]
[EventCountry "GER"]
[SourceTitle "playchess.com"]
[Source "ChessBase"]
[SourceQuality "1"]
[WhiteTeam "SC Bavaria Regensburg"]
[BlackTeam "SF HN-Biberach"]
[TimeControl "40/5400+30:1800+30"]

1. e4 {[%emt 0:00:00]} e5 {[%emt 0:00:00]} 2. Nf3 {[%emt 0:00:00]} Nc6 {[%emt 0:00:00]} 3. Bb5 {[%emt 0:00:00]} g6 {[%emt 0:00:11]} 4. O-O {[%emt 0:00:29]} Bg7 {[%emt 0:00:12]} 5. c3 {[%emt 0:01:59]} Nge7 {[%emt 0:00:24]} 6. Re1 {[%emt 0:00:26]} O-O {[%emt 0:00:33]} 7. d3 {[%emt 0:04:42]} d6 {[%emt 0:02:41]} 8. Nbd2 {[%emt 0:02:14]} h6 {[%emt 0:15:57]} 9. Nf1 {[%emt 0:06:03]} f5 {[%emt 0:08:40]} 10. exf5 {[%emt 0:08:05]} Nxf5 {[%emt 0:00:29]} 11. Ng3 {[%emt 0:08:59]} Nxg3 {[%emt 0:07:53]} 12. hxg3 {[%emt 0:01:58]} Bg4 {[%emt 0:02:10]} 13. Qa4 {[%emt 0:02:06]} Bxf3 {[%emt 0:05:11]} 14. gxf3 {[%emt 0:00:06]} Qf6 {[%emt 0:01:14]} 15. Bxc6 {[%emt 0:09:45]} bxc6 {[%emt 0:00:12]} 16. Qxc6 {[%emt 0:00:05]} Qxf3 {[%emt 0:00:11]} 17. Qxf3 {[%emt 0:00:06]} Rxf3 {[%emt 0:00:06]} 18. Be3 {[%emt 0:00:05]} d5 {[%emt 0:06:09]} 19. d4 {[%emt 0:03:20]} e4 {[%emt 0:02:39]} 20. Rac1 {[%emt 0:02:31]} Rb8 {[%emt 0:01:50]} 21. b3 {[%emt 0:03:35]} g5 {[%emt 0:12:22]} 22. c4 {[%emt 0:03:52]} c5 {[%emt 0:01:33]} 23. Red1 {[%emt 0:02:17]} cxd4 {[%emt 0:02:41]} 24. Bxd4 {[%emt 0:00:05]} Bxd4 {[%emt 0:00:09]} 25. Rxd4 {[%emt 0:00:02]} dxc4 {[%emt 0:00:10]} 26. Rdxc4 {[%emt 0:00:35]} Rbf8 {[%emt 0:00:10]} 27. Rxe4 {[%emt 0:09:10]} Rxf2 {[%emt 0:00:14]} 28. Re7 {[%emt 0:02:19]} Rxa2 {[%emt 0:07:27]} 29. Rcc7 {[%emt 0:00:14]} Rff2 {[%emt 0:00:10]} 30. Rc8+ {[%emt 0:04:55]} Rf8 {[%emt 0:00:11]} 31. Rcc7 {[%emt 0:00:05]} Rff2 {[%emt 0:00:18] normal} 1/2-1/2

[Event "DVM U20 2019"]
[Site "Braunschweig"]
[Date "2019.12.29"]
[Round "6"]
[White "Biastoch, Bennet"]
[Black "Kartsev, Nikolay"]
[Result "1-0"]
[WhiteElo "2242"]
[BlackElo "2092"]
[Annotator "NA"]
[PlyCount "58"]
[EventDate "2019.12.27"]
[EventType "team-tourn"]
[EventRounds "7"]
[EventCountry "GER"]
[SourceTitle "playchess.com"]
[Source "ChessBase"]
[SourceQuality "1"]
[WhiteTeam "SG Aufbau Elbe Magdeburg"]
[BlackTeam "SF Brackel"]
[TimeControl "40/5400+30:1800+30"]

1. e4 {[%emt 0:00:00]} c5 {[%emt 0:06:48]} 2. Nf3 {[%emt 0:00:00]} d6 {[%emt 0:00:08]} 3. d4 {[%emt 0:00:00]} cxd4 {[%emt 0:00:04]} 4. Nxd4 {[%emt 0:00:08]} Nf6 {[%emt 0:00:03]} 5. Nc3 {[%emt 0:00:19]} Nc6 {[%emt 0:00:05]} 6. Bg5 {[%emt 0:00:34]} e6 {[%emt 0:00:04]} 7. Qd2 {[%emt 0:00:17]} a6 {[%emt 0:00:03]} 8. O-O-O {[%emt 0:00:36]} h6 {[%emt 0:00:02]} 9. Nxc6 {[%emt 0:00:32]} bxc6 {[%emt 0:00:10]} 10. Bf4 {[%emt 0:00:18]} d5 {[%emt 0:00:49]} 11. Qe3 {[%emt 0:00:36]} Qa5 {[%emt 0:00:42]} 12. Be2 {[%emt 0:00:30]} Bb4 {[%emt 0:00:37]} 13. Be5 {[%emt 0:00:21]} Be7 {[%emt 0:00:05]} 14. exd5 {[%emt 0:00:45]} cxd5 {[%emt 0:20:52]} 15. h4 {[%emt 0:01:24]} O-O {[%emt 0:18:54]} 16. Rh3 {[%emt 0:03:07]} Ne8 {[%emt 0:00:47]} 17. Rg3 {[%emt 0:24:38]} f6 {[%emt 0:03:23]} 18. Bf4 {[%emt 0:04:28]} Bc5 {[%emt 0:09:09]} 19. Qf3 {[%emt 0:04:18]} Kh8 {[%emt 0:04:38]} 20. Qh5 {[%emt 0:05:32]} Ra7 {[%emt 0:00:23]} 21. Rg6 {[%emt 0:02:59]} Rg8 {[%emt 0:17:30]} 22. Bxh6 {[%emt 0:03:46]} gxh6 {[%emt 0:00:03]} 23. Rxh6+ {[%emt 0:00:06]} Kg7 {[%emt 0:00:14]} 24. Rg6+ {[%emt 0:00:04]} Kf8 {[%emt 0:00:17]} 25. Rxg8+ {[%emt 0:00:02]} Kxg8 {[%emt 0:00:20]} 26. Qxe8+ {[%emt 0:00:06]} Kg7 {[%emt 0:00:10]} 27. Qxc8 {[%emt 0:00:54]} d4 {[%emt 0:02:31]} 28. Ne4 {[%emt 0:08:45]} Ba3 {[%emt 0:03:05]} 29. Qb8 {[%emt 0:05:50] normal} Rc7 {[%emt 0:02:33] normal} 1-0

[Event "DVM U20 2019"]
[Site "Braunschweig"]
[Date "2019.12.29"]
[Round "6"]
[White "Joeres, Stefan"]
[Black "Vuckovic, Zarko"]
[Result "0-1"]
[WhiteElo "2201"]
[BlackElo "2258"]
[Annotator "NA"]
[PlyCount "83"]
[EventDate "2019.12.27"]
[EventType "team-tourn"]
[EventRounds "7"]
[EventCountry "GER"]
[SourceTitle "playchess.com"]
[Source "ChessBase"]
[SourceQuality "1"]
[WhiteTeam "Karlsruher SF"]
[BlackTeam "SF Augsburg"]
[TimeControl "40/5400+30:1800+30"]

1. d4 {[%emt 0:00:00]} Nf6 {[%emt 0:00:00]} 2. Bf4 {[%emt 0:00:00]} e6 {[%emt 0:00:00]} 3. e3 {[%emt 0:00:00]} Be7 {[%emt 0:00:00]} 4. Bd3 {[%emt 0:00:00]} b6 {[%emt 0:00:00]} 5. h3 {[%emt 0:00:00]} Bb7 {[%emt 0:00:00]} 6. Nf3 {[%emt 0:00:01]} c5 {[%emt 0:00:00]} 7. Nbd2 {[%emt 0:00:09]} O-O {[%emt 0:00:26]} 8. O-O {[%emt 0:00:11]} cxd4 9. exd4 {[%emt 0:00:31]} d6 {[%emt 0:05:41]} 10. c3 {[%emt 0:00:47]} Nbd7 {[%emt 0:00:27]} 11. Qe2 {[%emt 0:00:29]} Re8 {[%emt 0:03:58]} 12. Ne4 {[%emt 0:22:42]} Nf8 {[%emt 0:06:00]} 13. Nxf6+ {[%emt 0:03:44]} Bxf6 {[%emt 0:00:15]} 14. Be4 {[%emt 0:00:09]} Bxe4 {[%emt 0:00:29]} 15. Qxe4 {[%emt 0:00:03]} Ng6 {[%emt 0:00:23]} 16. Bg3 {[%emt 0:00:19]} d5 {[%emt 0:00:10]} 17. Qd3 {[%emt 0:00:20]} a6 {[%emt 0:11:52]} 18. a4 {[%emt 0:09:51]} Ne7 {[%emt 0:02:10]} 19. Nd2 {[%emt 0:02:00]} Nf5 {[%emt 0:02:11]} 20. Bf4 {[%emt 0:15:52]} Qc8 {[%emt 0:00:59]} 21. Rfe1 {[%emt 0:00:52]} Qc6 {[%emt 0:00:19]} 22. a5 {[%emt 0:03:31]} b5 {[%emt 0:01:46]} 23. b4 {[%emt 0:05:47]} Rac8 {[%emt 0:07:38]} 24. Rac1 {[%emt 0:05:07]} Be7 {[%emt 0:01:12]} 25. Nb3 {[%emt 0:00:45]} Qc4 {[%emt 0:00:26]} 26. Qxc4 {[%emt 0:00:35]} Rxc4 {[%emt 0:01:06]} 27. Nd2 {[%emt 0:00:09]} Rc6 {[%emt 0:00:41]} 28. Nb3 {[%emt 0:00:18]} Rec8 {[%emt 0:08:19]} 29. Nc5 {[%emt 0:00:29]} Bxc5 {[%emt 0:00:01]} 30. dxc5 {[%emt 0:00:24]} Rd8 {[%emt 0:01:03]} 31. Rcd1 {[%emt 0:05:32]} f6 {[%emt 0:02:15]} 32. g4 {[%emt 0:05:10]} Ne7 {[%emt 0:00:18]} 33. Bd6 {[%emt 0:03:59]} Rdxd6 {[%emt 0:00:10]} 34. cxd6 {[%emt 0:00:01]} Rxd6 {[%emt 0:00:02]} 35. f4 {[%emt 0:02:17]} Kf7 {[%emt 0:01:00]} 36. Kf2 {[%emt 0:00:33]} Rc6 {[%emt 0:00:10]} 37. Re3 {[%emt 0:00:24]} h6 {[%emt 0:01:36]} 38. h4 {[%emt 0:01:00]} h5 {[%emt 0:00:03]} 39. Kf3 {[%emt 0:08:27]} hxg4+ {[%emt 0:00:17]} 40. Kxg4 {[%emt 0:00:02]} Nf5 {[%emt 0:00:16]} 41. Red3 {[%emt 0:30:27]} Rc4 {[%emt 0:30:36]} 42. Re1 {[%emt 0:04:54] normal} 0-1

[Event "DVM U20 2019"]
[Site "Braunschweig"]
[Date "2019.12.29"]
[Round "6"]
[White "Stelmaszyk, Nico"]
[Black "Kololli, Martin"]
[Result "1-0"]
[WhiteElo "2193"]
[BlackElo "2343"]
[Annotator "TA"]
[PlyCount "75"]
[EventDate "2019.12.27"]
[EventType "team-tourn"]
[EventRounds "7"]
[EventCountry "GER"]
[SourceTitle "playchess.com"]
[Source "ChessBase"]
[SourceQuality "1"]
[WhiteTeam "SK Lehrte 1919"]
[BlackTeam "Lübecker SV"]

{[%evp 12,99,16,17,17,21,8,16,14,10,12,0,0,0,0,0,0,0,0,0,0,0,0,-2,0,0,160,161,155,154,156,163,146,137,144,149,133,137,152,142,188,206,201,209,198,141,144,143,204,192,152,153,151,122,129,127,127,80,84,-49,19,27,152,130,212,247,244,241,354,337,382,368,529,529,463,436,432,439,467,450,420,421,475,470,457,466,551,481,491,489]} 1. e4 c5 2. Nf3 g6 3. d4 cxd4 4. Qxd4 Nf6 5. e5 Nc6 6. Qa4 Nd5 7. Qe4 Nb6 {B27: Sicilian: 2 Nf3, unusual Black 2nd moves} 8. Nc3 Bg7 9. Bf4 d5 {The position is equal.} 10. exd6 $1 {White wants to play Bb5.} Bf5 11. Qe3 (11. dxe7 Qd7 12. Qe3 Nb4 13. Rc1 Nxc2+ 14. Rxc2 Bxc2 15. Bb5 Bxc3+ 16. Qxc3 Qxb5 17. Qxh8+ Kxe7 {½-½ (22) Ortiz Suarez,I (2548)-Guseinov,G (2654) Barbera del Valles 2018}) 11... O-O 12. O-O-O exd6 13. Rxd6 Qc8 $1 {And now ...Nb4 would win.} 14. Bh6 Re8 15. Qd2 Bh8 $146 16. Bb5 $36 {[%mdl 2048] White has some pressure.} a6 17. Be2 Qc7 18. Bf4 $1 {Threatens to win with Rxg6+!} Ne5 $2 (18... Bxc3 $1 $11 19. bxc3 Qe7) 19. Nxe5 $1 $16 Bxe5 20. Bxe5 Rxe5 21. Rd1 Rae8 22. Rd8 Nd7 23. Rxe8+ Rxe8 24. g4 Be6 25. f4 Nf6 {[#]} 26. f5 $1 {[%cal Rf5e6][%mdl 512]} Bc8 (26... gxf5 27. Qg5+) 27. g5 Nd7 28. Nd5 ({Better is} 28. fxg6 $18 hxg6 29. Bf3) 28... Qxh2 {[#]} 29. f6 $1 {Strongly threatening Ne7+.} Nf8 (29... h5 $16 30. Ne7+ Kh7) 30. Ne7+ $18 Kh8 31. Qe3 {Intending Nxg6+! and mate.} Be6 32. Bf3 Qg3 33. Rg1 Qc7 34. Be4 Rd8 35. Bd3 ({White should play} 35. Kb1 $16) 35... Qd6 (35... Bxa2 $15 36. Re1 Be6) 36. Kb1 $11 Nd7 (36... Qd4 $11 {remains equal.} 37. Qe1 h5) 37. Qf3 {Hoping for Qh1!} Qd4 {[#]} (37... Qc5 $16 38. Qh1 Nf8) 38. Qh1 {Played: Rg1-h1} 1-0

[Event "DVM U20 2019"]
[Site "Braunschweig"]
[Date "2019.12.29"]
[Round "6"]
[White "Fluechter, Gregor"]
[Black "Sieber, Fiona"]
[Result "1-0"]
[WhiteElo "2174"]
[BlackElo "2277"]
[Annotator "NA"]
[PlyCount "80"]
[EventDate "2019.12.27"]
[EventType "team-tourn"]
[EventRounds "7"]
[EventCountry "GER"]
[SourceTitle "playchess.com"]
[Source "ChessBase"]
[SourceQuality "1"]
[WhiteTeam "SF Brackel"]
[BlackTeam "SG Aufbau Elbe Magdeburg"]
[TimeControl "40/5400+30:1800+30"]

1. e4 {[%emt 0:00:00]} c5 {[%emt 0:00:00]} 2. f4 {[%emt 0:00:19]} d5 {[%emt 0:00:00]} 3. exd5 {[%emt 0:00:05]} Nf6 {[%emt 0:00:00]} 4. Bb5+ {[%emt 0:00:06]} Nbd7 {[%emt 0:00:00]} 5. Nf3 {[%emt 0:00:08]} a6 {[%emt 0:00:04]} 6. Bxd7+ {[%emt 0:00:08]} Bxd7 {[%emt 0:00:04]} 7. Ne5 {[%emt 0:00:07]} Bf5 {[%emt 0:00:09]} 8. c4 {[%emt 0:00:21]} e6 {[%emt 0:00:05]} 9. Nc3 {[%emt 0:00:26]} exd5 {[%emt 0:03:05]} 10. cxd5 {[%emt 0:00:12]} Bd6 {[%emt 0:20:35]} 11. O-O {[%emt 0:05:41]} O-O {[%emt 0:01:13]} 12. Qf3 {[%emt 0:02:13]} h5 {[%emt 0:13:33]} 13. d3 {[%emt 0:11:56]} Re8 {[%emt 0:02:59]} 14. Bd2 {[%emt 0:10:38]} b5 {[%emt 0:13:15]} 15. Rae1 {[%emt 0:11:29]} g6 {[%emt 0:03:43]} 16. Ne4 {[%emt 0:08:52]} Nxd5 {[%emt 0:06:14]} 17. Nxf7 {[%emt 0:05:03]} Kxf7 {[%emt 0:04:25]} 18. Ng5+ {[%emt 0:00:13]} Kf8 {[%emt 0:04:10]} 19. Rxe8+ {[%emt 0:07:25]} Qxe8 {[%emt 0:00:15]} 20. Qxd5 {[%emt 0:00:06]} Rd8 {[%emt 0:00:46]} 21. Re1 {[%emt 0:05:31]} Qd7 {[%emt 0:01:43]} 22. Bc3 {[%emt 0:04:41]} Bc7 {[%emt 0:06:29]} 23. Qxc5+ {[%emt 0:01:38]} Qd6 {[%emt 0:00:11]} 24. Qxd6+ {[%emt 0:01:21]} Bxd6 {[%emt 0:00:06]} 25. Ne6+ {[%emt 0:00:29]} Bxe6 {[%emt 0:00:57]} 26. Rxe6 {[%emt 0:00:02]} Bc5+ {[%emt 0:01:03]} 27. Kf1 {[%emt 0:02:23]} b4 {[%emt 0:00:56]} 28. Be5 {[%emt 0:04:31]} Rxd3 {[%emt 0:00:16]} 29. Rxa6 {[%emt 0:00:53]} Rd1+ {[%emt 0:04:19]} 30. Ke2 {[%emt 0:00:03]} Ra1 {[%emt 0:00:04]} 31. Kd3 {[%emt 0:03:34]} Be7 {[%emt 0:01:21]} 32. Rxg6 {[%emt 0:04:11]} Rxa2 {[%emt 0:00:06]} 33. Rh6 {[%emt 0:02:32]} h4 {[%emt 0:00:25]} 34. f5 {[%emt 0:01:11]} Bg5 {[%emt 0:02:18]} 35. Rh5 {[%emt 0:00:32]} Ra5 {[%emt 0:02:20]} 36. Ke4 {[%emt 0:03:15]} Bc1 {[%emt 0:01:26]} 37. Rxh4 {[%emt 0:00:25]} b3 {[%emt 0:00:05]} 38. Rh8+ {[%emt 0:02:18]} Kf7 {[%emt 0:00:01]} 39. Rb8 {[%emt 0:00:42]} Ra4+ {[%emt 0:00:21]} 40. Kf3 {[%emt 0:00:49]} Ra5 {[%emt 0:00:38] normal} 1-0

[Event "DVM U20 2019"]
[Site "Braunschweig"]
[Date "2019.12.29"]
[Round "6"]
[White "Schimnatkowski, Lukas"]
[Black "Holinka, Henning"]
[Result "1/2-1/2"]
[WhiteElo "2157"]
[BlackElo "2233"]
[Annotator "NA"]
[PlyCount "63"]
[EventDate "2019.12.27"]
[EventType "team-tourn"]
[EventRounds "7"]
[EventCountry "GER"]
[SourceTitle "playchess.com"]
[Source "ChessBase"]
[SourceQuality "1"]
[WhiteTeam "SF Essen-Katernberg"]
[BlackTeam "Hamburger SK"]
[TimeControl "40/5400+30:1800+30"]

1. e4 {[%emt 0:00:00]} g6 {[%emt 0:00:00]} 2. d4 {[%emt 0:00:01]} Bg7 {[%emt 0:00:00]} 3. Nf3 {[%emt 0:02:21]} d6 {[%emt 0:00:00]} 4. h3 {[%emt 0:00:59]} Nd7 {[%emt 0:01:09]} 5. Be3 {[%emt 0:02:41]} b6 {[%emt 0:03:39]} 6. Nbd2 {[%emt 0:03:27]} Bb7 {[%emt 0:02:48]} 7. Bd3 {[%emt 0:00:25]} e5 {[%emt 0:03:43]} 8. c3 {[%emt 0:01:13]} Ne7 {[%emt 0:02:37]} 9. a4 {[%emt 0:04:55]} a6 {[%emt 0:02:04]} 10. a5 {[%emt 0:09:27]} b5 {[%emt 0:05:02]} 11. Qc2 {[%emt 0:13:05]} c5 {[%emt 0:02:29]} 12. dxe5 {[%emt 0:07:05]} dxe5 {[%emt 0:00:47]} 13. O-O {[%emt 0:01:58]} Nc6 {[%emt 0:03:32]} 14. Rfd1 {[%emt 0:02:03]} O-O {[%emt 0:02:29]} 15. Be2 {[%emt 0:02:36]} Nxa5 {[%emt 0:17:42]} 16. Nf1 {[%emt 0:03:02]} Nc6 {[%emt 0:04:05]} 17. Bxc5 {[%emt 0:00:37]} Re8 {[%emt 0:00:24]} 18. Ne3 {[%emt 0:05:09]} Rc8 {[%emt 0:03:20]} 19. b4 {[%emt 0:17:07]} Bf8 {[%emt 0:12:26]} 20. Bxf8 {[%emt 0:01:46]} Kxf8 {[%emt 0:00:18]} 21. Qb3 {[%emt 0:01:15]} Ncb8 {[%emt 0:14:08]} 22. h4 {[%emt 0:06:29]} Qe7 {[%emt 0:01:34]} 23. Nd5 {[%emt 0:00:35]} Bxd5 {[%emt 0:01:08]} 24. Rxd5 {[%emt 0:00:16]} f6 {[%emt 0:01:29]} 25. Rad1 {[%emt 0:01:16]} Nb6 {[%emt 0:00:46]} 26. Rd6 {[%emt 0:00:14]} Nc4 {[%emt 0:00:27]} 27. Bxc4 {[%emt 0:00:14]} Rxc4 {[%emt 0:00:13]} 28. h5 {[%emt 0:00:46]} Rxe4 {[%emt 0:03:21] normal} 29. hxg6 {[%emt 0:01:58]} hxg6 {[%emt 0:00:11] normal} 30. Qc2 {[%emt 0:01:19] normal} Rg4 {[%emt 0:02:40] normal} 31. Nh2 {[%emt 0:01:04]} Rg5 32. Nf3 {[%emt 0:00:21]} 1/2-1/2

[Event "DVM U20 2019"]
[Site "Braunschweig"]
[Date "2019.12.29"]
[Round "6"]
[White "Thomsen, Phil"]
[Black "Wendler, David"]
[Result "1-0"]
[WhiteElo "2147"]
[BlackElo "2204"]
[Annotator "NA"]
[PlyCount "74"]
[EventDate "2019.12.27"]
[EventType "team-tourn"]
[EventRounds "7"]
[EventCountry "GER"]
[SourceTitle "playchess.com"]
[Source "ChessBase"]
[SourceQuality "1"]
[WhiteTeam "Sges Bensheim"]
[BlackTeam "SK Bebenhausen"]
[TimeControl "40/5400+30:1800+30"]

1. e4 {[%emt 0:00:00]} c5 {[%emt 0:00:00]} 2. Nf3 {[%emt 0:00:00]} Nc6 {[%emt 0:00:00]} 3. d4 {[%emt 0:00:00]} cxd4 {[%emt 0:00:00]} 4. Nxd4 {[%emt 0:00:00]} g6 {[%emt 0:00:04]} 5. Be3 {[%emt 0:00:18]} Nf6 {[%emt 0:00:20]} 6. Nc3 {[%emt 0:00:10]} Bg7 {[%emt 0:00:07]} 7. Bc4 {[%emt 0:00:07]} O-O {[%emt 0:00:13]} 8. Bb3 {[%emt 0:00:04]} d6 {[%emt 0:00:09]} 9. f3 {[%emt 0:00:04]} Bd7 {[%emt 0:00:13]} 10. h4 {[%emt 0:00:26]} h5 {[%emt 0:00:04]} 11. Qd2 {[%emt 0:00:05]} Rc8 {[%emt 0:00:10]} 12. O-O-O {[%emt 0:01:14]} Ne5 {[%emt 0:00:25]} 13. Bg5 {[%emt 0:03:27]} Rc5 {[%emt 0:00:10]} 14. Kb1 {[%emt 0:01:36]} b5 {[%emt 0:00:11]} 15. Nd5 {[%emt 0:21:16]} Nxd5 {[%emt 0:11:00]} 16. Bxd5 {[%emt 0:03:15]} Nc4 {[%emt 0:10:47]} 17. Qf2 {[%emt 0:04:37]} Nb6 {[%emt 0:10:32]} 18. Nb3 {[%emt 0:10:05]} Rc7 {[%emt 0:03:19]} 19. g4 {[%emt 0:05:38]} Nxd5 {[%emt 0:01:44]} 20. Rxd5 {[%emt 0:01:13]} f6 {[%emt 0:09:43]} 21. Be3 {[%emt 0:04:50]} Bc6 {[%emt 0:01:40]} 22. Rdd1 {[%emt 0:06:42]} hxg4 {[%emt 0:01:57]} 23. h5 {[%emt 0:00:33]} gxh5 {[%emt 0:07:47]} 24. Nd4 {[%emt 0:04:23]} Bd7 {[%emt 0:02:18]} 25. Rxh5 {[%emt 0:04:37]} e5 {[%emt 0:00:55]} 26. Nf5 {[%emt 0:00:56]} Bxf5 {[%emt 0:00:23]} 27. exf5 {[%emt 0:02:11]} gxf3 {[%emt 0:02:31]} 28. Qxf3 {[%emt 0:04:58]} Qa8 {[%emt 0:00:18]} 29. Qg4 {[%emt 0:04:18]} Rc4 {[%emt 0:06:43]} 30. Qg6 {[%emt 0:03:20]} Qe8 {[%emt 0:00:20]} 31. Qxg7+ {[%emt 0:00:31]} Kxg7 {[%emt 0:00:09]} 32. Rg1+ {[%emt 0:00:04]} Qg6 {[%emt 0:00:29]} 33. Rxg6+ {[%emt 0:00:13]} Kf7 {[%emt 0:00:04]} 34. Rh7+ {[%emt 0:00:23]} Ke8 {[%emt 0:00:06]} 35. b3 {[%emt 0:01:34]} Re4 {[%emt 0:00:47]} 36. Bxa7 {[%emt 0:00:48]} Rf7 {[%emt 0:01:11]} 37. Rg8+ {[%emt 0:00:17]} Ke7 {[%emt 0:00:08] normal} 1-0